000 00808nam a22002771 4500
001 35863
003 BD-RjUL
005 20211209052407.0
008 140610s1960 enk b 001 0 eng
035 _a(BD-RjUL)35959
035 _a(OCoLC)236253
040 _aDLC
_cOClW
_dBD-RjUL
_beng
041 _aeng
082 _a327.101
_bCOL 1960
100 1 _aCox, Richard Howard
_d1925-
_9109224
245 1 0 _aLocke on war and peace /
_cRichard Howard Cox
260 _aOxford :
_bClarendon Press,
_cc1960.
300 _axviii, 220 p. ;
_c22 cm.
504 _aIncludes Bibliography and index.
600 1 0 _aLocke, John
_d1632-1704.
_9109230
650 0 _aInternational relations.
_9109226
650 0 _aPower (Social sciences)
_9109227
942 _2ddc
_cBK
999 _c35863
_d35863